Welche römische Zahl ist größer? - Statistiken

Allgemein
  • Dieses Quiz wurde 75 mal gespielt
  • Das Durchschnittsergebnis liegt bei 9 aus 12
Antwortstatistiken
Frage Antwort % Korrekt
. X
100%
. XIX
95%
. XXXVIII
95%
. CC
92%
. LII
91%
. CV
89%
. CCL
69%
. MMMMMMM
68%
. CDXXIV
57%
. DXL
54%
. MMDCCXIII
35%
. CMXCIX
28%
Keine übereinstimmenden Quizze gefunden
Verteilung der Resultate
Anzahl Personen mit jedem Resultat
Perzentil nach korrekt beantworteten Fragen
Ihre Resultats-Entwicklung
Sie haben dieses Quiz noch nicht gespielt